El espejo mágico de Maurits Cornelis Escher.
Salvato in:
| Autore principale: | |
|---|---|
| Natura: | Libro |
| Pubblicazione: |
Colonia, Alemania:
Taschen,
2012.
|
| Soggetti: | |
| Tags: |
Aggiungi Tag
Nessun Tag, puoi essere il primo ad aggiungerne!!
|
MARC
| LEADER | 00000nam a22000007a 4500 | ||
|---|---|---|---|
| 003 | CL-VaPUC | ||
| 005 | 20250407202500.0 | ||
| 008 | 250324t2012 ||||| |||| 00| 0 spa d | ||
| 999 | |c 447606 |d 447604 | ||
| 020 | |a 978-3-8228-3704-7 | ||
| 040 | |c Pontificia Universidad Católica de Valparaíso | ||
| 082 | 0 | 4 | |a 741.092 ERN 2012 |2 21 |
| 100 | |a Ernst Bruno |e autor |9 382 | ||
| 245 | 1 | 3 | |a El espejo mágico de Maurits Cornelis Escher. |
| 260 | |a Colonia, Alemania: |b Taschen, |c 2012. | ||
| 300 | |a 116 páginas : |b ilustraciones. | ||
| 500 | |a c.1. Instituto Arcos 8-1-2025. | ||
| 583 | |a last modification |c 20190914 23:07:00 |k GC | ||
| 600 | 0 | |a Escher, Maurits Cornelis |2 CL-VaPUC |9 267648 |d 1898-1972 |z Holanda |x Obras | |
| 650 | 0 | |a Dibujantes holandeses |2 CL-VaPUC |9 557626 | |
| 942 | |c BK |2 ddc |n 0 | ||
| 945 | |d 20190914 23:07:00 |a dcastane | ||
| 952 | |0 0 |1 0 |2 ddc |4 0 |6 741_092000000000000_ERN_2012 |7 0 |8 A |9 601807 |a BIBINC |b BIBINC |d 2025-03-24 |e Instituto Arcos |i 5666658 |o 741.092 ERN 2012 |p 5666658 |r 2025-03-24 |t 1 |w 2025-03-24 |y BK |k IFP | ||